000 00676nam a22002052 4500
001 0000024235
005 20151217152258.0
008 130620s xx 000 0 eng d
020 _a1608763597 :
040 _aKABU
_cKABU
245 1 0 _aHandbook on agroforestry :
_bmanagement practice and environmental impact /
_cLawrence R. Kellimore, editor.
250 _a1st ed.
260 _aNew York :
_bNova Science,
_c2010.
300 _axxi, 507 p.
650 0 _aAgroforestry
_vHandbooks, manuals, etc.
_@0000184220
700 1 _aKellimore, Lawrence R.
_@0000184221
852 1 _9p19505 KES
908 _a130620
950 _@1
999 _c10200
_d10200